Grammy Award du meilleur album de rap - Statistiques

Statistiques générales
  • Ce quiz a été pris 93 fois
  • Le résultat moyen est 9 sur 25
Statistiques - réponses
Année Artiste Album % Correct
2018 Kendrick Lamar DAMN
79%
2020 Tyler the Creator IGOR
71%
2008 Kanye West Graduation
68%
2016 Kendrick Lamar To pimp a butterfly
67%
2023 Kendrick Lamar Mr Morale & The Big Steppers
66%
2005 Kanye West The College Dropout
66%
2006 Kanye West Late Registration
55%
2013 Drake Take Care
53%
2003 Eminem The Eminem Show
51%
2012 Kanye West My beautiful Dark Twisted Fantasy
48%
2022 Tyler the Creator Call Me if You Get lost
47%
2019 Cardi B Invasion of privacy
37%
2010 Eminem Relapse
37%
2001 Eminem The Marshall Mathers LP
29%
2000 Eminem The Slim Shady LP
29%
2009 Lil Wayne Tha Carter III
23%
2002 Outkast Stankonia
21%
2024 Killer Mike MICHAEL
19%
2021 Nas King's Disease
15%
2014 Macklemore & Ryan Lewis The Heist
15%
2015 Eminem The Marshall Mathers LP 2
15%
2004 Outkast Speakerboxxx/The Love Below
14%
2017 Chance the rapper Coloring book
11%
2011 Eminem Reconvery
1%
2007 Ludacris Release Therapy
0%
Aucun quiz correspondant
Distribution des résultats
% des personnes avec chaque résultat
Percentile par nombre de réponses
Votre historique - résultats
Vous n’avez pas pris ce quiz